000 00344 a2200157 4500
001 176556
020 _a
040 _cMagnum
100 _aGentil, Nelson
240 1 0 _aMatematica para o 2 grau/v.2
_lpor
245 1 0 _aMatematica para o 2 grau/v.2
362 0 _a1899
440 1 _aÁtica
697 _aMAGNITO: PARADIDATICO
942 _cBK
999 _c176556
_d176556